[Event "FRA-chTA U20 1011"]
[Site "France"]
[Date "2010.12.19"]
[Round "4.5"]
[White "Sambuc, David"]
[Black "Stark, Antoine"]
[Result "0-1"]
[WhiteElo "1310"]
[BlackElo "1675"]
[PlyCount "96"]
[EventDate "2010.11.21"]
[EventType "team-tourn"]
[EventRounds "7"]
[EventCountry "FRA"]
[SourceTitle "EXT 2012"]
[Source "ChessBase"]
[SourceDate "2011.11.24"]
[SourceVersion "1"]
[SourceVersionDate "2011.11.24"]
[SourceQuality "1"]
[WhiteTeam "Montpellier"]
[BlackTeam "AECE"]
[WhiteTeamCountry "FRA"]
[BlackTeamCountry "FRA"]

1. d4 Nf6 2. e3 g6 3. Bd3 Bg7 4. f4 d6 5. Nf3 Bg4 6. 0-0 0-0 7. c3 Nbd7 8. Nbd2 c5 9. a3 Nd5 10. Nc4 b5 11. Be4 N7f6 12. Ncd2 Nxe3 13. Qe2 Nxf1 14. Bxa8 Nxd2 15. Bxd2 Qxa8 16. h3 Bxf3 17. Qxf3 Qxf3 18. gxf3 cxd4 19. cxd4 Nd5 20. Bc3 Nxf4 21. Kf2 Nxh3+ 22. Kg3 Ng5 23. Re1 e6 24. f4 e5 25. dxe5 Ne6 26. exd6 Bxc3 27. bxc3 Rd8 28. Rd1 f5 29. d7 Nc5 30. Rd5 Ne4+ 31. Kf3 Nxc3 32. Rd3 Ne4 33. Rd5 Kf7 34. Rxb5 Rxd7 35. a4 Ke6 36. a5 Rd5 37. Rb7 Rd7 38. Rb5 h6 39. a6 Rd3+ 40. Ke2 Nc3+ 41. Kxd3 Nxb5 42. Kc4 Nc7 43. Kb4 Nxa6+ 44. Kb5 Nc7+ 45. Kc6 h5 46. Kxc7 h4 47. Kb7 h3 48. Kxa7 h2 0-1